Deutsche Regierungsbezirke auf einer Karte - Statistiken

Allgemein
  • Dieses Quiz wurde 3.898 mal gespielt
  • Das Durchschnittsergebnis liegt bei 11 aus 19
Antworten auf der Karte
Die Antworten werden auf der Karte rot bzw. grün angezeigt, abhängig davon wie oft sie richtig erraten wurden.
 
Antwortstatistiken
Bundesland Regierungsbezirk % Korrekt
Baden-Württemberg Stuttgart
78%
Bayern Oberbayern
73%
Baden-Württemberg Freiburg
72%
Nordrhein-Westfalen Köln
72%
Bayern Oberfranken
70%
Nordrhein-Westfalen Düsseldorf
68%
Bayern Niederbayern
67%
Baden-Württemberg Karlsruhe
66%
Bayern Schwaben
64%
Bayern Unterfranken
64%
Hessen Kassel
59%
Bayern Mittelfranken
56%
Nordrhein-Westfalen Münster
56%
Hessen Darmstadt
51%
Bayern Oberpfalz
50%
Hessen Gießen
43%
Baden-Württemberg Tübingen
39%
Nordrhein-Westfalen Arnsberg
35%
Nordrhein-Westfalen Detmold
32%
Keine übereinstimmenden Quizze gefunden
Verteilung der Resultate
Anzahl Personen mit jedem Resultat
Perzentil nach korrekt beantworteten Fragen
Ihre Resultats-Entwicklung
Sie haben dieses Quiz noch nicht gespielt